| 000 | 02100cam a22002894a 4500 | ||
|---|---|---|---|
| 001 | 14449383 | ||
| 003 | OSt | ||
| 005 | 20160608103238.0 | ||
| 008 | 060711s2007 caua b 001 0 eng | ||
| 010 | _a 2006022882 | ||
| 020 | _a1597561371 (hardcover) | ||
| 020 | _a9781597561372 (hardcover) | ||
| 020 | _z9781597561372 | ||
| 040 | _aSEKU | ||
| 050 | 0 | 0 |
_aRF 510 _b.T4 |
| 245 | 0 | 0 |
_aTextbook of voice disorders / _cedited by Albert L. Merati, Steven A. Bielamowicz. |
| 260 |
_aSan Diego : _bPlural Pub., _cc2007. |
||
| 300 |
_a 262 p. : _bill. (chiefly col.) ; |
||
| 504 | _aIncludes bibliographical references and index. | ||
| 505 | 0 | _aAnatomy of the larynx and physiology of phonation / Suzy DuFlo and Susan Thibeault -- Physiology of airway regulation / Christy Ludlow -- Videostroboscopy / Nadine Connor and Diane Bless -- Laryngeal high-speed digital imaging and kymography / Rita Patel and Diane Bless -- Perceptual and objective voice assessment / Claudio Milstien and Douglas Hicks -- Laryngeal electromyography / Nicole Maronian and Lawrence Robinson -- Laryngeal hygiene / Douglas Hicks and Claudio Milstien -- Speech-language intervention, voice therapy / Sarah Marx Schneider and Robert Sataloff -- General principles of microlaryngeal surgery / Adam Rubin and Robert Sataloff -- Voice and speech abnormalities in systemic neurodegenerative disorders / Ted Mau and Mark Courey -- VOcal fold paralysis / Tanya Meyer, Lucian Sulica, and Andrew Blitzer -- The larynx in Parkinson's disease / Mona Abaza and Jennifer Spielman -- Essential voice tremor / Lucian Sulica, and Elan Louis -- Spasmodic Dysphonia / Joel Blumin -- Localized inflammatory disorders of the larynx / Natasha Mirza -- Sysyemic inflammatory disorders affecting the larynx / Felicia Johnson and James Ragland -- Reflux and the larynx / Riitta Ylitalo -- Benign lesions of the larynx / Timothy Anderson. | |
| 650 | 0 | _aVoice disorders. | |
| 650 | 1 | 2 |
_aVoice Disorders _xdiagnosis. |
| 650 | 1 | 2 |
_aVoice Disorders _xtherapy. |
| 700 | 1 | _aMerati, Albert L. | |
| 700 | 1 | _aBielamowicz, Steven A. | |
| 942 |
_2lcc _cGEN |
||
| 999 |
_c15082 _d15082 |
||